000 01267nam a22002177a 4500
003 BD-DhUL
005 20170226185636.0
008 161128s2015 bg a|||| mb|| 00| 0 ben d
040 _aBD-DhUL
_cBD-DhUL
082 _a294.5562
_bSAC
100 0 _aসরকার, শিপ্রা
245 1 0 _aপরমহংস পরিব্রাজকাচার্য্য সদ্‌গুরু স্বামী নিগমানন্দ সরস্বতীদেবের জীবন, ধর্মমত ও দর্শন /
_c শিপ্রা সরকার
_h[Ph.D Thesis]
260 _aঢাকা :
_bঢাকা বিশ্ববিদ্যালয়,
_c২০০৪
300 _a৩১৭ পৃ. ;
_bচিত্র ;
_c৩০ সেমি.
500 _aঅভিসন্দর্ভ (পিএইচ.ডি. )--নৃ-বিঞ্জান বিভাগ, ঢাকা বিশ্ববিদ্যালয়, শিক্ষাবর্ষ: ২০১৩-২০১৪
504 _aগ্রন্থপঞ্জি: পৃ. ২৩৬-২৪০
504 _aগ্রন্থপঞ্জিগত তথ্য সংবলিত
650 _aহিন্দু ধর্ম
651 _aHinduism
942 _2ddc
_cREF
999 _c158252
_d158252